[Event "Hastings Masters 2010-11"]
[Site "Hastings ENG"]
[Date "2011.01.03"]
[Round "7.27"]
[White "Spence, David J"]
[Black "Coates, David H"]
[Result "1-0"]
[WhiteElo "2237"]
[BlackElo "2067"]
[WhiteFideId "407429"]
[BlackFideId "468606"]
[EventDate "2010.12.28"]

1. e4 e6 2. d4 d5 3. Nc3 Bb4 4. e5 c5 5. a3 Bxc3+ 6. bxc3 Ne7 7. Qg4 O-O 8. Bd3
Nbc6 9. Qh5 Ng6 10. Nf3 Qc7 11. O-O c4 12. Be2 f6 13. exf6 Rxf6 14. Ng5 h6 15.
Nh3 Bd7 16. f4 Raf8 17. a4 Qa5 18. Ra3 Be8 19. Qf3 Nge7 20. Nf2 Bg6 21. Bd1 Nf5
22. Qe2 Re8 23. Qd2 Nd6 24. Bf3 Rff8 25. g3 Nb8 26. Ra1 Nd7 27. Ba3 Qc7 28. Rab1
b6 29. a5 Nf6 30. axb6 axb6 31. Rb2 Rb8 32. Qe2 Qd7 33. Rfb1 Rfe8 34. Bxd6 Qxd6
35. h4 Qa3 36. Qd2 Qd6 37. Kg2 Rf8 38. Qe2 Rfe8 39. Rb4 Re7 40. Qd2 Ra7 41. R1b2
Be8 42. Ng4 Nxg4 43. Bxg4 Ra3 44. Qe3 Bd7 45. Rb1 b5 46. Re1 Rb6 47. Qd2 Qb8 48.
Rbb1 Qa7 49. Re3 Qa4 50. Rbe1 Ra2 51. Bd1 b4 52. cxb4 Rxb4 53. Qe2 Rbb2 54. Qf3
Qa7 55. f5 Qxd4 56. fxe6 Be8 57. e7 Rb8 58. Re5 Ra5 59. c3 Ra2+ 60. Kh3 Qa7 61.
Qxd5+ Kh8 62. Rf1 Rf2 63. Rxf2 Qxf2 64. Rf5 Qb2 65. Rf8+ Kh7 66. Qg8+ Kg6 67.
h5+ 1-0

[Event "Hastings Masters 2010-11"]
[Site "Hastings ENG"]
[Date "2011.01.03"]
[Round "7.28"]
[White "Marusenko, Petr"]
[Black "Malhotra, Tarun"]
[Result "1-0"]
[WhiteTitle "IM"]
[WhiteElo "2206"]
[BlackElo "1913"]
[WhiteFideId "14100606"]
[BlackFideId "5020549"]
[EventDate "2010.12.28"]

1. d4 Nf6 2. Nf3 g6 3. c3 Bg7 4. Bf4 d5 5. h3 h5 6. e3 Nbd7 7. Nbd2 c5 8. Bd3 c4
9. Bc2 Nb6 10. O-O O-O 11. b3 a6 12. Qe2 Bd7 13. e4 dxe4 14. Nxe4 Nfd5 15. Bd2
cxb3 16. axb3 Bf5 17. c4 Nc7 18. Rad1 Qc8 19. Nh4 Bxe4 20. Qxe4 Nd7 21. d5 Nf6
22. Qd3 Qd7 23. Bf4 Rac8 24. Rfe1 Rfd8 25. Nf3 Nfe8 26. Re2 b5 27. Qe3 bxc4 28.
bxc4 Nd6 29. Bd3 e6 30. Ne5 Qe8 31. Bg5 f6 32. Bxg6 Qf8 33. Qf3 fxg5 34. Qxh5
Qf6 35. Ng4 Qc3 36. dxe6 Nxe6 37. Rxe6 Qb4 38. Nh6+ Bxh6 39. Qxh6 Rc7 40. Bc2
Qxc4 41. Qxg5+ 1-0

[Event "Hastings Masters 2010-11"]
[Site "Hastings ENG"]
[Date "2011.01.03"]
[Round "7.31"]
[White "Kurka, Dieter"]
[Black "Marzano, Carlo"]
[Result "1-0"]
[WhiteElo "2040"]
[BlackElo "2160"]
[WhiteFideId "12902047"]
[BlackFideId "802980"]
[EventDate "2010.12.28"]

1. d4 Nf6 2. Nf3 d5 3. Bf4 c5 4. e3 Nc6 5. Nbd2 Qb6 6. dxc5 Qxb2 7. Rb1 Qc3 8.
Bd3 e6 9. O-O Qxc5 10. e4 dxe4 11. Rb5 Qe7 12. Bxe4 a6 13. Rb6 Nxe4 14. Nxe4 Qa3
15. c4 f6 16. Bd6 Bxd6 17. Nxd6+ Ke7 18. Nxc8+ Rhxc8 19. Rxb7+ Kf8 20. Ng5 Ne7
21. Nxe6+ Kg8 22. c5 Rab8 23. Rxe7 1-0

[Event "Hastings Masters 2010-11"]
[Site "Hastings ENG"]
[Date "2011.01.03"]
[Round "7.33"]
[White "Atako, Chino"]
[Black "Jaunooby, Ali R"]
[Result "1-0"]
[WhiteElo "2039"]
[BlackElo "2207"]
[WhiteFideId "468649"]
[BlackFideId "413291"]
[EventDate "2010.12.28"]

1. e4 c5 2. Nf3 Nc6 3. d4 cxd4 4. Nxd4 g6 5. Nc3 Bg7 6. Be3 Nf6 7. Bc4 O-O 8.
Bb3 d6 9. f3 Bd7 10. Qd2 Rc8 11. O-O-O Ne5 12. h4 h5 13. Bg5 Qa5 14. Kb1 Nc4 15.
Bxc4 Rxc4 16. Nb3 Qd8 17. e5 Nh7 18. exd6 Nxg5 19. dxe7 Qxe7 20. Qxd7 Qxd7 21.
Rxd7 Ne6 22. Ne4 Rfc8 23. c3 R8c7 24. Rxc7 Rxc7 25. Rd1 Kf8 26. Kc2 b6 27. Nd6
a6 28. Ne4 Ke7 29. g3 a5 30. Rd3 f5 31. Ng5 a4 32. Nc1 Nxg5 33. hxg5 Rc4 34. b3
axb3+ 35. axb3 Rc8 36. Ne2 Be5 37. Re3 Kd6 38. Kd3 Rh8 39. f4 Bg7 40. Kc4 Rb8
41. Kb5 Bh8 42. Ng1 Rc8 43. Rd3+ Kc7 44. Nf3 Re8 45. c4 Bg7 46. b4 Re2 47. Nh4
Re6 48. c5 Bf8 49. Ra3 bxc5 50. bxc5 Kb7 51. c6+ Kb8 52. Rd3 Bd6 53. Kc4 Be7 54.
Rd7 Rxc6+ 55. Kd5 Rc5+ 56. Kd4 Rc7 57. Rxc7 Kxc7 58. Nxg6 Bd6 59. Nh4 Kc6 60.
Nxf5 Bc5+ 61. Ke5 Kd7 62. Kf6 1-0

[Event "Hastings Masters 2010-11"]
[Site "Hastings ENG"]
[Date "2011.01.03"]
[Round "7.34"]
[White "Sugden, John N"]
[Black "Quinn, Joseph R"]
[Result "1-0"]
[WhiteElo "2193"]
[BlackElo "1815"]
[WhiteFideId "402001"]
[BlackFideId "470899"]
[EventDate "2010.12.28"]

1. d4 Nf6 2. c4 e6 3. Nf3 b6 4. a3 Bb7 5. Nc3 d5 6. cxd5 Nxd5 7. e3 Be7 8. Bd3
f5 9. Qe2 Nf6 10. O-O O-O 11. e4 fxe4 12. Nxe4 Qd7 13. Neg5 Bd5 14. Ne5 Qd6 15.
Qc2 g6 16. Bxg6 1-0

[Event "Hastings Masters 2010-11"]
[Site "Hastings ENG"]
[Date "2011.01.03"]
[Round "7.38"]
[White "Rich, Mark C"]
[Black "Stewart, Ashley"]
[Result "1/2-1/2"]
[WhiteTitle "CM"]
[WhiteElo "2145"]
[BlackElo "1980"]
[WhiteFideId "406724"]
[BlackFideId "419001"]
[EventDate "2010.12.28"]

1. e4 c5 2. Nc3 a6 3. g3 b5 4. Bg2 Bb7 5. f4 e6 6. d3 Nc6 7. Nf3 Be7 8. O-O h5
9. h3 d5 10. exd5 exd5 11. Ne5 Nf6 12. Re1 O-O 13. Qf3 Nd4 14. Qf2 Rc8 15. Nd1
c4 16. c3 Nf5 17. g4 hxg4 18. hxg4 Nxg4 19. Nxg4 Bh4 20. Qf1 Bxe1 21. Qxe1 Re8
22. Qf2 cxd3 23. Ne5 Qh4 24. Ne3 Qxf2+ 25. Kxf2 Nxe3 26. Bxe3 d4 27. Bxd4 Bxg2
28. Kxg2 d2 29. Kf2 f6 30. Nf3 Re4 31. Be3 Rd8 32. Nxd2 Re6 33. Nb3 Kf7 34. Nc5
Rc6 35. b4 g6 36. a4 bxa4 37. Rxa4 Rdd6 38. Bd4 g5 39. Kf3 gxf4 40. Kxf4 Kg6 41.
Ra2 Kf7 42. Ne4 Re6 43. Rh2 Kg6 44. Rg2+ Kf7 45. Kf5 Re8 46. Nxf6 Re1 47. Ne4
Rf1+ 48. Ke5 Re6+ 49. Kd5 Rf5+ 50. Kc4 Rxe4 51. Rg7+ Ke6 52. Ra7 a5 53. b5 Rf1
54. Ra6+ 1/2-1/2

[Event "Hastings Masters 2010-11"]
[Site "Hastings ENG"]
[Date "2011.01.03"]
[Round "7.39"]
[White "Flynn, David"]
[Black "Campbell, Eoin"]
[Result "1/2-1/2"]
[WhiteElo "2061"]
[BlackElo "1950"]
[WhiteFideId "410594"]
[BlackFideId "2400740"]
[EventDate "2010.12.28"]

1. e4 c5 2. Nf3 d6 3. d4 cxd4 4. Nxd4 Nf6 5. Nc3 g6 6. Be3 Bg7 7. f3 Nc6 8. Qd2
O-O 9. Bc4 Nxd4 10. Bxd4 Be6 11. Bxe6 fxe6 12. O-O-O Qa5 13. Kb1 Rac8 14. Nd5
Qxd2 15. Nxf6+ Bxf6 16. Rxd2 Bxd4 17. Rxd4 g5 18. Rb4 b6 19. Rb5 Rc5 1/2-1/2

[Event "Hastings Masters 2010-11"]
[Site "Hastings ENG"]
[Date "2011.01.03"]
[Round "7.40"]
[White "Spanton, Tim R"]
[Black "Dunlop, Neil J"]
[Result "1-0"]
[WhiteElo "2030"]
[BlackElo "1923"]
[WhiteFideId "404802"]
[BlackFideId "417599"]
[EventDate "2010.12.28"]

1. e4 d6 2. d4 Nf6 3. Nc3 g6 4. Be3 c6 5. Qd2 b5 6. a3 a6 7. Be2 Nbd7 8. Rd1 Bb7
9. Nf3 e5 10. dxe5 Nxe5 11. Nxe5 dxe5 12. Qxd8+ Rxd8 13. Rxd8+ Kxd8 14. Bb6+ Kc8
15. O-O Be7 16. f3 Nd7 17. Be3 Bc5 18. Kf2 Rd8 19. h4 Bxe3+ 20. Kxe3 Kc7 21. Na2
Nb6 22. Nc1 f6 23. b3 Nd7 24. c4 Nc5 25. b4 Ne6 26. Nb3 Nf4 27. g3 Nxe2 28. Kxe2
bxc4 29. Nc5 Bc8 30. Rc1 Rd4 31. Na4 h5 32. Rd1 Rxd1 33. Kxd1 f5 34. Kd2 fxe4
35. fxe4 Bh3 36. Nc5 Kb6 37. Kc3 a5 38. Kxc4 axb4 39. axb4 Bf1+ 40. Kc3 Kb5 41.
Nb7 Bg2 42. Nd6+ Kb6 43. Kd3 Bh3 44. Nc4+ Kb5 45. Nxe5 Bf1+ 46. Kd4 Bh3 47. Nd3
Bd7 48. Ke5 Kc4 49. Kd6 Bh3 50. Nf4 Kxb4 51. Nxh3 1-0

[Event "Hastings Masters 2010-11"]
[Site "Hastings ENG"]
[Date "2011.01.03"]
[Round "7.41"]
[White "Armstrong, Malcolm J"]
[Black "Norinkeviciute, Rasa"]
[Result "1/2-1/2"]
[BlackTitle "WFM"]
[WhiteElo "1957"]
[BlackElo "2028"]
[WhiteFideId "409049"]
[BlackFideId "12801925"]
[EventDate "2010.12.28"]

1. d4 g6 2. Nf3 Bg7 3. g3 b6 4. Bg2 Bb7 5. O-O e6 6. c4 Ne7 7. Nc3 O-O 8. Bf4 d6
9. e4 h6 10. h4 Nd7 11. Qc2 a6 12. Rad1 Qe8 13. Rfe1 Rc8 14. Qd2 Kh7 15. e5 d5
16. Nh2 Ba8 17. cxd5 Nxd5 18. Ne4 Nxf4 19. Qxf4 f5 20. exf6 Nxf6 21. Nxf6+ Rxf6
22. Qe3 Bxg2 23. Kxg2 Qc6+ 24. Qe4 Qd5 25. Qxd5 1/2-1/2

[Event "Hastings Masters 2010-11"]
[Site "Hastings ENG"]
[Date "2011.01.03"]
[Round "7.42"]
[White "Haria, Ravi"]
[Black "Pleininger, Rudolf"]
[Result "1-0"]
[WhiteElo "1952"]
[BlackElo "1998"]
[WhiteFideId "415820"]
[BlackFideId "1305999"]
[EventDate "2010.12.28"]

1. e4 c5 2. Nf3 g6 3. d4 cxd4 4. Qxd4 Nf6 5. e5 Nc6 6. Qa4 Nd5 7. Qe4 e6 8. c4
f5 9. Qe2 Ndb4 10. Nc3 d5 11. exd6 Bxd6 12. Bg5 Qa5 13. O-O-O Be7 14. Bxe7 Kxe7
15. a3 b6 16. axb4 Nxb4 17. Kb1 Bb7 18. Ng5 e5 19. Nd5+ Bxd5 20. Qxe5+ Kd7 21.
Rxd5+ Nxd5 22. Qxd5+ Qxd5 23. cxd5 a6 24. f4 h6 25. Nf7 Rhg8 26. Be2 Ke7 27. Ne5
b5 28. Bf3 Rac8 29. Re1 Kf6 30. Nd7+ Kg7 31. Re7+ Kh8 32. Ne5 Rg7 33. d6 Rxe7
34. dxe7 Re8 35. Bc6 1-0

[Event "Hastings Masters 2010-11"]
[Site "Hastings ENG"]
[Date "2011.01.03"]
[Round "7.43"]
[White "Messam-Sparks, Lateefah"]
[Black "Webster, Richard J"]
[Result "1-0"]
[WhiteElo "1917"]
[BlackElo "1986"]
[WhiteFideId "470813"]
[BlackFideId "409162"]
[EventDate "2010.12.28"]

1. d4 Nf6 2. c4 e6 3. Nc3 Bb4 4. Qc2 Bxc3+ 5. Qxc3 Ne4 6. Qc2 f5 7. e3 b6 8. Nh3
Bb7 9. f3 Nf6 10. Bd3 Nc6 11. a3 Ne7 12. b4 O-O 13. O-O Qe8 14. e4 Nc6 15. Bb2
fxe4 16. fxe4 e5 17. d5 Nd8 18. Rae1 d6 19. Bc1 Nf7 20. Ng5 Bc8 21. Nxf7 Rxf7
22. Bg5 Bd7 23. Bxf6 Rxf6 24. Rxf6 gxf6 25. Rf1 Qg6 26. Rf3 Qh6 27. c5 dxc5 28.
bxc5 Rc8 29. Ba6 Rb8 30. c6 Be8 31. d6 Qg7 32. dxc7 Qxc7 33. Rxf6 Kg7 34. Rf3
Qxc6 35. Rc3 Qd6 36. Rc7+ Kh8 37. Rxa7 b5 38. h3 Qb6+ 39. Qf2 Bc6 40. Re7 Qxf2+
41. Kxf2 Bxe4 42. Rxe5 Bc6 43. Rc5 Bd7 44. Rc7 Be8 45. Rc8 Rxc8 46. Bxc8 Kg7 47.
Ke3 Bc6 48. g3 Kf6 49. Kd4 Bg2 50. Kc5 Bf1 51. h4 Be2 52. Bd7 Ke5 53. Bxb5 Bd1
54. a4 h5 55. a5 Bf3 56. a6 Ba8 57. Bc6 1-0

[Event "Hastings Masters 2010-11"]
[Site "Hastings ENG"]
[Date "2011.01.03"]
[Round "7.45"]
[White "Calvert, D Ian"]
[Black "Dale, Hannah"]
[Result "1/2-1/2"]
[WhiteElo "1981"]
[BlackElo "1790"]
[WhiteFideId "406368"]
[BlackFideId "407755"]
[EventDate "2010.12.28"]

1. b3 e5 2. Bb2 Nc6 3. e3 d5 4. Bb5 Bd6 5. f4 f6 6. Qh5+ g6 7. Qh4 Bd7 8. Bxc6
Bxc6 9. fxe5 Bxe5 10. Bxe5 fxe5 11. Qxd8+ Rxd8 12. Nf3 d4 13. O-O Bxf3 14. gxf3
Nh6 15. Na3 a6 16. Nc4 Nf7 17. f4 exf4 18. Rxf4 dxe3 19. Re4+ Kd7 20. Rxe3 Kc8
21. d3 Rhe8 22. Rae1 1/2-1/2

[Event "Hastings Masters 2010-11"]
[Site "Hastings ENG"]
[Date "2011.01.03"]
[Round "7.46"]
[White "Young, Mel J"]
[Black "Clayton, Tristan"]
[Result "1/2-1/2"]
[WhiteElo "1938"]
[BlackElo "1791"]
[WhiteFideId "410357"]
[BlackFideId "416533"]
[EventDate "2010.12.28"]

1. e4 c6 2. d4 d5 3. f3 e6 4. Be3 dxe4 5. Nd2 exf3 6. Ngxf3 Nf6 7. Bd3 Be7 8.
O-O Nbd7 9. Nc4 c5 10. c3 O-O 11. Qc2 cxd4 12. cxd4 Nb6 13. Nxb6 Qxb6 14. Rae1
Qc6 15. Qb1 Bd7 16. Ne5 Qd6 17. Rf3 Bc6 18. Rh3 Rfc8 19. Bxh7+ Kf8 20. Nxc6 bxc6
21. Bd3 Ke8 22. Kh1 Nd5 23. Ba6 Rd8 24. a3 Kd7 25. Bg1 Bf6 26. Bc4 Rh8 27. Rxh8
Rxh8 28. Bxd5 cxd5 29. Qd3 Qb6 1/2-1/2

[Event "Hastings Masters 2010-11"]
[Site "Hastings ENG"]
[Date "2011.01.03"]
[Round "7.28"]
[White "Kwiatkowski, Feliks J"]
[Black "Simon, Thomas"]
[Result "1-0"]
[WhiteTitle "CM"]
[WhiteElo "2246"]
[BlackElo "1971"]
[WhiteFideId "401803"]
[BlackFideId "24645990"]
[EventDate "2010.12.28"]

1. e4 c5 2. Nf3 Nc6 3. d4 cxd4 4. Nxd4 Nf6 5. Nc3 e5 6. Ndb5 h6 7. Nd6+ Bxd6 8.
Qxd6 Qe7 9. Qxe7+ Kxe7 10. b3 Nd4 11. Ba3+ d6 12. O-O-O g5 13. Nb5 Nxb5 14. Bxb5
Rd8 15. f3 a6 16. Be2 Be6 17. c4 Rac8 18. Kb2 Nh5 19. g3 Ng7 20. Rd2 b6 21. f4
exf4 22. gxf4 gxf4 23. Rf1 Ne8 24. Rxf4 Kd7 25. Rh4 Kc7 26. Rxh6 Kb7 27. Bf3 Ka7
28. h4 b5 29. cxb5 axb5 30. h5 Kb6 31. Bb4 Ka7 32. Rh8 f5 33. Rh7+ Rd7 34. Rxd7+
Bxd7 35. e5 f4 36. h6 Bf5 37. exd6 Nf6 38. Bc3 Ne4 39. Bxe4 Bxe4 40. d7 1-0

[Event "Hastings Masters 2010-11"]
[Site "Hastings ENG"]
[Date "2011.01.04"]
[Round "8.9"]
[White "Druckenthaner, Andreas"]
[Black "Neverov, Valeriy"]
[Result "0-1"]
[WhiteTitle "FM"]
[BlackTitle "GM"]
[WhiteElo "2306"]
[BlackElo "2522"]
[WhiteFideId "1600567"]
[BlackFideId "14100150"]
[EventDate "2010.12.28"]

1. e4 c5 2. Nf3 e6 3. d4 cxd4 4. Nxd4 a6 5. Nc3 Qc7 6. Bd3 Nf6 7. O-O Bc5 8. Nb3
Ba7 9. Qe2 d6 10. Be3 Nbd7 11. Bxa7 Rxa7 12. f4 b5 13. Rae1 b4 14. Nd1 e5 15. f5
Bb7 16. c4 bxc3 17. Nxc3 Qb6+ 18. Kh1 O-O 19. Rd1 Rc8 20. Bb1 a5 21. Nb5 Ba6 22.
Bd3 Bxb5 23. Bxb5 a4 24. Bxd7 Rxd7 25. Nd2 Qxb2 26. Qa6 Qc2 27. h3 Rcd8 28. Qc4
Qxc4 29. Nxc4 Nxe4 30. Kh2 h5 31. Rfe1 Nf6 32. Nb6 Re7 33. Nd5 Rb7 34. Re2 Kf8
35. Ne3 d5 36. g4 hxg4 37. hxg4 d4 38. g5 Nd5 39. Nxd5 Rxd5 40. f6 gxf6 41. gxf6
Rb6 42. Rf2 Ke8 43. Rg1 d3 44. Rg8+ Kd7 45. Rf8 d2 46. Rxf7+ Kc6 0-1

[Event "Hastings Masters 2010-11"]
[Site "Hastings ENG"]
[Date "2011.01.04"]
[Round "8.14"]
[White "Zhou, Yang-Fan"]
[Black "Spence, David J"]
[Result "1-0"]
[WhiteTitle "FM"]
[WhiteElo "2326"]
[BlackElo "2237"]
[WhiteFideId "468584"]
[BlackFideId "407429"]
[EventDate "2010.12.28"]

1. e4 e6 2. d4 d5 3. Nd2 Nf6 4. e5 Nfd7 5. Bd3 c5 6. c3 Nc6 7. Ngf3 g6 8. O-O
Bg7 9. Re1 cxd4 10. cxd4 O-O 11. Nb3 Nb6 12. h4 Bd7 13. Bg5 Qc7 14. Rc1 Rae8 15.
h5 Qb8 16. Qd2 Bc8 17. Nc5 Qc7 18. Bf6 Bxf6 19. exf6 Qd8 20. Qf4 Nd7 21. Nxd7
Bxd7 22. Ne5 Nxe5 23. dxe5 Kh8 24. Qh6 1-0

[Event "Hastings Masters 2010-11"]
[Site "Hastings ENG"]
[Date "2011.01.04"]
[Round "8.22"]
[White "Lock, Gavin R"]
[Black "Kwiatkowski, Feliks J"]
[Result "1/2-1/2"]
[BlackTitle "CM"]
[WhiteElo "2182"]
[BlackElo "2246"]
[WhiteFideId "408646"]
[BlackFideId "401803"]
[EventDate "2010.12.28"]

1. d4 Nf6 2. Nf3 e6 3. Bg5 h6 4. Bh4 c5 5. e3 b6 6. Nbd2 Bb7 7. Bd3 Be7 8. c3
cxd4 9. exd4 O-O 10. Bxf6 Bxf6 11. Qe2 d5 12. Ne5 Bxe5 13. Qxe5 Ba6 14. Bxa6
Nxa6 1/2-1/2

[Event "Hastings Masters 2010-11"]
[Site "Hastings ENG"]
[Date "2011.01.04"]
[Round "8.23"]
[White "Williams, Peter A"]
[Black "Prosviriakov, Vladimir"]
[Result "1/2-1/2"]
[BlackTitle "IM"]
[WhiteElo "2179"]
[BlackElo "2280"]
[WhiteFideId "2275740"]
[BlackFideId "2004860"]
[EventDate "2010.12.28"]

1. d4 e6 2. c4 Bb4+ 3. Bd2 Bxd2+ 4. Qxd2 f5 5. Nf3 Nf6 6. Nc3 O-O 7. g3 d5 8.
Bg2 c6 9. O-O Nbd7 10. Qc2 Ne4 11. Rac1 Qf6 12. e3 b6 13. Qa4 Nxc3 14. bxc3 Bb7
15. cxd5 b5 16. Qb3 exd5 17. Nd2 Nb6 18. e4 fxe4 19. Nxe4 Qg6 20. Nc5 Bc8 21.
Rce1 Bf5 22. Be4 Bxe4 23. Rxe4 Na4 24. Re3 Nxc5 25. dxc5 Rae8 26. Rfe1 Rxe3 27.
Rxe3 Re8 28. Rxe8+ Qxe8 29. Qd1 Qe4 30. Qh5 h6 31. Qh3 1/2-1/2

[Event "Hastings Masters 2010-11"]
[Site "Hastings ENG"]
[Date "2011.01.04"]
[Round "8.24"]
[White "Rayner, Francis"]
[Black "Eames, Robert S"]
[Result "1/2-1/2"]
[BlackTitle "FM"]
[WhiteElo "2141"]
[BlackElo "2275"]
[WhiteFideId "1800132"]
[BlackFideId "408743"]
[EventDate "2010.12.28"]

1. e4 c5 2. Nf3 d6 3. d4 cxd4 4. Nxd4 Nf6 5. Nc3 a6 6. Bg5 e6 7. f4 Qc7 8. Bxf6
gxf6 9. Be2 Nc6 10. f5 Qb6 11. Nb3 Qe3 12. Qd2 Qxd2+ 13. Nxd2 b5 14. O-O Bh6 15.
Rad1 Ke7 16. Bd3 Bb7 17. a4 b4 18. Ne2 Ne5 19. Nf4 Rac8 20. Nb3 Nxd3 21. cxd3 e5
22. Nd5+ Bxd5 23. exd5 Rc2 24. Na5 Rc5 25. Nc6+ Kd7 26. Nxb4 a5 27. Na2 Rb8 28.
Rb1 Rxd5 29. Rfd1 Be3+ 30. Kf1 Bd4 31. Rd2 Rc5 32. Ke2 Rb3 33. Nc1 Rb4 34. b3 d5
35. Na2 Rb8 36. Kd1 Rg8 37. b4 axb4 38. Rxb4 Rg5 39. Rb7+ Kc6 40. Rxf7 Rxf5 41.
Nb4+ Kd6 42. Rc2 Rf1+ 43. Ke2 Rf2+ 44. Kd1 Rcxc2 45. Nxc2 Bc3 46. Na3 Ke6 47.
Rxh7 e4 48. dxe4 dxe4 49. Rh3 Bd4 50. Nc2 Bc3 51. g4 Rg2 52. Rh5 Kd6 53. Rf5
Rxg4 1/2-1/2

[Event "Hastings Masters 2010-11"]
[Site "Hastings ENG"]
[Date "2011.01.04"]
[Round "8.25"]
[White "Green, Andrew D"]
[Black "Ledger, Dave J"]
[Result "0-1"]
[BlackTitle "FM"]
[WhiteElo "2141"]
[BlackElo "2261"]
[WhiteFideId "2401762"]
[BlackFideId "401986"]
[EventDate "2010.12.28"]

1. e4 e5 2. Nf3 Nc6 3. Bb5 a6 4. Ba4 Nf6 5. d3 b5 6. Bb3 Be7 7. O-O d6 8. a4 Rb8
9. axb5 axb5 10. h3 O-O 11. Nc3 h6 12. Nd5 Re8 13. Be3 Bf8 14. c3 Bb7 15. Nh2
Nxd5 16. Bxd5 Ne7 17. Bxb7 Rxb7 18. f4 exf4 19. Rxf4 Ng6 20. Rf3 c5 21. Qb3 Ne5
22. Rg3 c4 23. dxc4 Nxc4 24. Ra7 Rxa7 25. Bxa7 Qa8 26. Bd4 Qa1+ 27. Nf1 Qxf1+ 0-1

[Event "Hastings Masters 2010-11"]
[Site "Hastings ENG"]
[Date "2011.01.04"]
[Round "8.26"]
[White "Ramondino, Renzo"]
[Black "Atako, Chino"]
[Result "0-1"]
[WhiteTitle "FM"]
[WhiteElo "2257"]
[BlackElo "2039"]
[WhiteFideId "810304"]
[BlackFideId "468649"]
[EventDate "2010.12.28"]

1. e4 c5 2. Nf3 g6 3. d4 cxd4 4. Nxd4 Nc6 5. Nc3 Bg7 6. Be3 Nf6 7. Bc4 Qa5 8.
Nb3 Qc7 9. O-O O-O 10. Re1 Ne5 11. Bf1 Neg4 12. g3 Nxe3 13. Rxe3 d6 14. h3 Bd7
15. Rb1 Rac8 16. Nd4 Rfe8 17. Ncb5 Qb6 18. c4 a6 19. Na3 Ng4 20. Rb3 Qxd4 21.
Qxd4 Bxd4 22. hxg4 b6 23. Rd3 Bg7 24. f3 f5 25. gxf5 gxf5 26. Bh3 Rc7 27. Bxf5
Bxf5 28. exf5 Rf8 29. g4 Be5 30. b3 h5 31. Nc2 e6 32. f4 Bxf4 33. Nd4 Rg7 34.
Nxe6 Rxg4+ 35. Kh1 Rxf5 36. Rg1 Be5 37. Nc7 Rf2 38. Rxg4+ hxg4 39. Ne6 g3 40.
Kg1 Rf7 0-1

[Event "Hastings Masters 2010-11"]
[Site "Hastings ENG"]
[Date "2011.01.04"]
[Round "8.27"]
[White "Cafferty, Bernard"]
[Black "Snape, Ian L"]
[Result "1/2-1/2"]
[WhiteTitle "FM"]
[WhiteElo "2133"]
[BlackElo "2228"]
[WhiteFideId "401005"]
[BlackFideId "404489"]
[EventDate "2010.12.28"]

1. Nf3 Nf6 2. b4 c6 3. Bb2 Qb6 4. a3 a5 5. c4 d5 6. c5 Qc7 7. e3 Nbd7 8. d4 axb4
9. axb4 Rxa1 10. Bxa1 g6 11. Be2 Bg7 12. Nbd2 O-O 13. O-O Ne8 14. Qb3 e5 15.
dxe5 Nxe5 16. Nxe5 Bxe5 17. Nf3 Bg7 18. h3 Be6 19. Bxg7 Nxg7 20. Qb2 1/2-1/2

[Event "Hastings Masters 2010-11"]
[Site "Hastings ENG"]
[Date "2011.01.04"]
[Round "8.29"]
[White "Coates, David H"]
[Black "Kurka, Dieter"]
[Result "1-0"]
[WhiteElo "2067"]
[BlackElo "2040"]
[WhiteFideId "468606"]
[BlackFideId "12902047"]
[EventDate "2010.12.28"]

1. d4 Nf6 2. c4 c5 3. d5 e5 4. Nc3 d6 5. e4 Nbd7 6. g4 g6 7. Bd3 Bg7 8. h3 a6 9.
Nf3 h5 10. g5 Ng8 11. h4 Ne7 12. Be3 O-O 13. Be2 Rb8 14. a4 Qe8 15. Rg1 Kh7 16.
Nh2 Rh8 17. Nf1 Nf8 18. Ng3 Kg8 19. Qd2 f5 20. gxf6 Bxf6 21. Nxh5 Bxh4 22. Bg5
Bxg5 23. Qxg5 Nh7 24. Nf6+ Nxf6 25. Qxf6 Qd7 26. O-O-O Rh7 27. Rh1 1-0

[Event "Hastings Masters 2010-11"]
[Site "Hastings ENG"]
[Date "2011.01.04"]
[Round "8.30"]
[White "Gibson, Christopher A"]
[Black "Royset, Paal"]
[Result "0-1"]
[WhiteElo "1984"]
[BlackElo "2171"]
[WhiteFideId "414697"]
[BlackFideId "1501330"]
[EventDate "2010.12.28"]

1. d4 d5 2. c4 e6 3. Nc3 Be7 4. Nf3 Nf6 5. Bg5 h6 6. Bh4 O-O 7. e3 b6 8. cxd5
Nxd5 9. Bxe7 Qxe7 10. Nxd5 exd5 11. Rc1 Be6 12. Qa4 c5 13. Qa3 Rc8 14. Be2 Qb7
15. dxc5 bxc5 16. O-O Qb6 17. Ne5 Nc6 18. Nxc6 Rxc6 19. Bf3 Rb8 20. Rc2 c4 21.
Rd2 Rc5 22. Rfd1 Rb5 23. g3 Rxb2 24. Rxb2 Qxb2 25. Qxb2 Rxb2 26. Bxd5 Bxd5 27.
Rxd5 c3 28. Rc5 c2 29. Kg2 Rxa2 30. Kf3 Kf8 31. Ke4 Ke7 32. Kd3 Kd6 33. Rc3 Ra3
34. Kxc2 Rxc3+ 35. Kxc3 Kd5 36. f3 f5 37. Kb4 g5 0-1

[Event "Hastings Masters 2010-11"]
[Site "Hastings ENG"]
[Date "2011.01.04"]
[Round "8.33"]
[White "Helbig, Paul D"]
[Black "Haria, Ravi"]
[Result "1-0"]
[WhiteElo "2115"]
[BlackElo "1952"]
[WhiteFideId "401900"]
[BlackFideId "415820"]
[EventDate "2010.12.28"]

1. e4 e6 2. d4 d5 3. Nc3 Nf6 4. Bg5 Bb4 5. e5 h6 6. Bd2 Bxc3 7. bxc3 Ne4 8. Qg4
g6 9. Bd3 Nxd2 10. Kxd2 c5 11. h4 c4 12. Be2 Nd7 13. h5 g5 14. f4 f5 15. exf6
Nxf6 16. Qf3 g4 17. Qe3 Ne4+ 18. Ke1 Rg8 19. Bxc4 Qc7 20. Bb5+ Bd7 21. Bxd7+
Kxd7 22. Ne2 Rac8 23. Rb1 Nxc3 24. Nxc3 Qxc3+ 25. Qxc3 Rxc3 26. Rxb7+ Kc6 27.
Kd2 Rxc2+ 28. Kxc2 Kxb7 29. Re1 Rc8+ 30. Kd3 Rc6 31. Re3 Ra6 32. Ke2 Rxa2+ 33.
Kf1 Ra1+ 34. Kf2 Rh1 35. Kg3 Rxh5 36. Rxe6 Rh1 37. Kxg4 h5+ 38. Kg5 a5 39. f5 a4
40. f6 Rf1 41. Kg6 Rf2 42. Re3 Kc7 43. f7 a3 44. Rxa3 Rxg2+ 45. Kxh5 Rh2+ 46.
Kg5 1-0